000
00257nam a22001217a 4500
008
170816b xxu||||| |||| 00| 0 eng d
041
_a
eng
080
_a
51
100
_a
36
101
_a
MAT
245
_a
COLLEGE GEOMETRY
_c
MILLER.L.H
942
_2
udc
_c
BK
999
_c
23788
_d
23788